The distillation of essential oils : (Registro nro. 3305)

Detalles MARC
000 -CABECERA
Campo de control 00813nam a2200241 a 4500
005 - FECHA Y HORA DE LA ULTIMA TRANSACCION
Campo de control 20171117124528.0
008 - ELEMENTOS DE LONGITUD FIJA—INFORMACION GENERAL
Campo de control 140311b1997 gw ||||| |||| 00| 0 eng d
040 ## - FUENTE DE CATALOGACIÓN
Agencia catalogadora original CO-BoIAVH
Agencia transcriptora CO-BoIAVH
041 0# - IDIOMA
Código de idioma para texto/pista de sonido o título separado Inglés
044 ## - PAÍS DE PUBLICACIÓN
País de publicación Alemania
082 04 - NUMERO DE CLASIFICACION DECIMAL DEWEY
Número de clasificación 661.806
Número del ítem W66d
100 1# - ASIENTO PRINCIPAL--NOMBRE PERSONAL
Nombre personal Wijesekera, R. O. B.
Término relacionado autor
9 (RLIN) 19462
245 14 - MENCION DE TITULO
Título The distillation of essential oils :
Parte restante del título manufacturing and plant construction handbook /
250 ## - MENCION DE EDICION
Mención de edición Segunda edición
260 ## - PUBLICACION, DISTRIBUCION, ETC. (PIE DE IMPRENTA)
Lugar de publicación, distribución, etc. Eschborn (Alemania) :
Nombre del editor, distribuidor, etc. Protrade,
Fecha de publicación, distribución, etc. 1997.
300 ## - DESCRIPCION FISICA
Extensión 169 páginas :
Otros detalles físicos ilustraciones ;
Dimensiones 30 x 21 cm.
650 26 - ASIENTO SECUNDARIO DE MATERIA - TERMINO TEMATICO
Término temático o nombre geográfico como elemento de entrada Aceites esenciales
Subdivisión general Destilación
9 (RLIN) 87013
650 26 - ASIENTO SECUNDARIO DE MATERIA - TERMINO TEMATICO
Término temático o nombre geográfico como elemento de entrada Industria destilera
9 (RLIN) 87009
650 26 - ASIENTO SECUNDARIO DE MATERIA - TERMINO TEMATICO
Término temático o nombre geográfico como elemento de entrada Plantas industriales
9 (RLIN) 19463
700 1# - ASIENTO SECUNDARIO - NOMBRE PERSONAL
Nombre personal Ratnatunga, C. M.
Término de relación autor
9 (RLIN) 19465
700 1# - ASIENTO SECUNDARIO - NOMBRE PERSONAL
Nombre personal Dürbeck, Klaus
Término de relación autor
9 (RLIN) 19466
942 ## - ELEMENTOS ADICIONALES (KOHA)
Tipo de ítem Libro
Sistema de clasificación Dewey Decimal Classification
Existencias
Withdrawn status Lost status Sistema de Clasificación Damaged status No para préstamo Colección Inventariado Ubicación Permanente Ubicación actual Fecha de adquisición Fuente de Valor Valor Total Checkouts Número topográfico Inventario / Código de Barras Date last seen Ejemplar Price effective from Forma de adquisición Tipo de material
    Dewey Decimal Classification     General Inventariado 2017 Sala Fabio Quevedo Sala Fabio Quevedo 08/05/2003 Biocomercio 39000.00   LB-661.806 W66d 005286 04/12/2012 Ej. 1 04/12/2012 Donación Libro